00314pab a2200121 454500008004000000100002200040245005000062260000900112300001300121362001000134650001400144773003400158180718b2011 xxu||||| |||| 00| 0 eng d aBreeding, Mary E. aThe micro-politics of vote banks in Karnataka c2011 ap.71-77. a2 Apr aElections aEconomic and Political Weekly